| 000 | 01659cam a2200409 a 4500 | ||
|---|---|---|---|
| 001 | 17231384 | ||
| 003 | NUST | ||
| 005 | 20220202125933.0 | ||
| 008 | 120329s2012 gw a b 001 0 eng | ||
| 010 | _a 2012936486 | ||
| 020 | _a9783642252112 | ||
| 038 | _aRani Shaista kanwal | ||
| 040 |
_aDLC _cDLC _dDLC |
||
| 041 | 1 |
_aeng _hger |
|
| 042 | _apcc | ||
| 050 | 0 | 0 |
_aQH505 _b.G5413 2012 |
| 082 | 0 | 0 |
_a571.4 _223 |
| 100 | 1 |
_aGlaser, Roland. _988729 |
|
| 240 | 0 | 0 |
_aBiophysik. _lEnglish |
| 245 | 1 | 0 |
_aBiophysics : _ban introduction / _cRoland Glaser. |
| 250 | _a2nd ed. | ||
| 260 |
_aHeidelberg ; _aNew York : _bSpringer, _cc2012. |
||
| 300 |
_axx, 407 p. : _bill. ; _c24 cm. |
||
| 500 | _aRev. ed. of: Biophysik. 4th ed. 1996. | ||
| 504 | _aIncludes bibliographical references (p. 377-389) and index. | ||
| 505 | _a1. Nature and Subject of Biophysics -- 2. Molecular Structure of Biological Systems -- 3. Energetics and Dynamics of Biological Systems -- 4. Physical Factors of the Environment -- 5. The Kinetics of Biological Systems. | ||
| 563 | _aPB | ||
| 650 | 0 |
_aBiophysics. _988730 |
|
| 700 | 1 |
_aGlaser, Roland. _tBiophysik. _988731 |
|
| 856 | 4 | 2 |
_3Publisher description _uhttp://www.loc.gov/catdir/enhancements/fy1316/2012936486-d.html |
| 856 | 4 | 1 |
_3Table of contents only _uhttp://www.loc.gov/catdir/enhancements/fy1316/2012936486-t.html |
| 856 | 4 | 2 |
_3Contributor biographical information _uhttp://www.loc.gov/catdir/enhancements/fy1316/2012936486-b.html |
| 906 |
_a7 _bcbc _corigcop _d2 _eepcn _f20 _gy-gencatlg |
||
| 942 |
_2ddc _cBK |
||
| 999 |
_c587752 _d587752 |
||